[Event "Hoogeveen Amateurs op 25th"]
[Site "Hoogeveen"]
[Date "2022.10.22"]
[Round "7.24"]
[White "Gohil, Viaan"]
[Black "Krijnen, Wim"]
[Result "1/2-1/2"]
[WhiteElo "1228"]
[BlackElo "1488"]
[PlyCount "145"]
[EventDate "2022.10.15"]
[EventType "swiss"]
[EventRounds "7"]
[EventCountry "NED"]
[SourceTitle "CBM 210 Extra"]
[Source "ChessBase"]
[SourceDate "2022.11.30"]
[SourceVersion "1"]
[SourceVersionDate "2022.11.30"]
[SourceQuality "1"]

1. e4 Nf6 2. Nc3 d5 3. d3 dxe4 4. dxe4 Qxd1+ 5. Kxd1 Be6 6. Bb5+ c6 7. Bd3 g6 8. Bf4 Bg7 9. f3 Nbd7 10. Nge2 Nc5 11. Be3 Nfd7 12. Nd4 Bxd4 13. Bxd4 0-0 14. Ke2 Nxd3 15. cxd3 c5 16. Be3 b6 17. Rad1 Rfd8 18. b3 Ne5 19. d4 cxd4 20. Bxd4 Nc6 21. Be3 Nb4 22. Kf2 Nd3+ 23. Ke2 Nb4 24. Rxd8+ Rxd8 25. Rc1 Rd7 26. a3 Nd3 27. Rd1 Bxb3 28. Rd2 Bc4 29. Nd5 Nf4+ 30. Kf2 Nxd5 31. exd5 Rxd5 32. Rxd5 Bxd5 33. g3 e5 34. f4 exf4 35. Bxf4 h5 36. Ke3 a6 37. Kd4 Bg2 38. h4 f6 39. Kc4 Kf7 40. Be3 Bf1+ 41. Kd5 b5 42. Kd6 a5 43. Bd2 a4 44. Kd5 Ke7 45. Ke4 Ke6 46. Kf4 Bc4 47. Bb4 Bd3 48. Bc5 Kd5 49. Bb4 Kc4 50. Bd6 Kb3 51. Bb4 Kc2 52. Bc5 Kd1 53. Bb4 Ke2 54. Bc5 Kf1 55. Bb4 Kg2 56. Bc5 Bc4 57. Bb4 Bf7 58. Bc5 g5+ 59. hxg5 fxg5+ 60. Kxg5 Kxg3 61. Bd6+ Kh3 62. Kf4 Bc4 63. Kf3 Bd5+ 64. Kf2 Kg4 65. Kg1 h4 66. Kh2 Be6 67. Bb4 Kf3 68. Bc5 Ke4 69. Bb4 Kd5 70. Be7 Kc4 71. Bb4 Kb3 72. Bc5 b4 73. Bxb4 1/2-1/2